La generalización como estrategia cognitiva para construir la conjetura en una actividad de conteo

Al alero de la Didáctica de la Matemática, el presente artículo con base en la Teoría APOE (acrónimo de Acción, Proceso, Objeto, Esquema) y, a través del mecanismo de la generalización, se propuso interpretar las estrategias cognitivas incluidas en la construcción de una conjetura, en una actividad...

Descripción completa

Detalles Bibliográficos
Autor principal: Parraguez, Marcela
Otros Autores: Randolph Veas, Valeria
Formato: Analitica de revista
Lenguaje:español
Publicado: Santiago, Chile: Universidad Academia de Humanismo Cristiano, 2020.
Materias:
Acceso en línea:Disponible en línea (PDF). Biblioteca Digital UAHC

MARC

LEADER 00000cab a2200000 a 4500
001 036106
003 UAHC_CL
005 20200705195033.0
008 140729s2020 cl 000 spa
952 |0 0  |1 0  |4 0  |6 PAULO_FREIRE23_20_000000000000000  |7 0  |8 COMP  |9 93956  |a BC  |b BC  |c Hemeroteca  |d 2020-07-05  |l 0  |o PAULO FREIRE-23/20  |r 2020-07-05 00:00:00  |w 2020-07-05  |y REVA 
999 |c 53570  |d 53570 
040 |a UAHC_CL  |c UAHC_CL  |d UAHC_CL 
100 |a Parraguez, Marcela  |9 12485 
245 1 3 |a La generalización como estrategia cognitiva para construir la conjetura en una actividad de conteo  |c  Marcela Parraguez González y Valeria Randolph Veas. 
260 |a Santiago, Chile:  |b Universidad Academia de Humanismo Cristiano,  |c 2020. 
300 |a pp. 69-84  
500 |a En: Paulo Freire, revista de pedagogía crítica, No. 23, 2020. pp. 69-84. ISSN 07179065 (Versión Impresa) 07178019 (Versión en línea). 
520 |a Al alero de la Didáctica de la Matemática, el presente artículo con base en la Teoría APOE (acrónimo de Acción, Proceso, Objeto, Esquema) y, a través del mecanismo de la generalización, se propuso interpretar las estrategias cognitivas incluidas en la construcción de una conjetura, en una actividad de conteo. Desde el punto de vista metodológico, se trata de un estudio de caso único, con datos proporcionados por un profesor de matemática cuando aborda distintas situaciones de la actividad contar es el comienzo. Se concluye, por un lado, que las construcciones figurales utilizadas son fundamentales para alcanzar la construcción de la conjetura y, por otro, que algunas conjeturas erróneas son producto de la elección de situaciones que no permiten la generalización. 
650 0 |9 8391  |a Matemáticas  |x Enseñanza   |x Metodología 
653 |a Teoría Apoe  
700 |9 12486  |a Randolph Veas, Valeria  
856 |u http://revistas.academia.cl/index.php/pfr/article/view/1649/1846  |y Disponible en línea (PDF). Biblioteca Digital UAHC 
900 |a PAULO FREIRE-23/20 
942 |c REVA